Familles de monstres dans Dragon Quest - Statistiques

Statistiques générales
  • Ce quiz a été pris 26 fois
  • Le résultat moyen est 5 sur 13
Statistiques - réponses
Familles de monstres de Dragon Quest % Correct
Bêtes
62%
Dragons
62%
Démons
58%
Humanoide
46%
Morts-vivants
38%
Slime
38%
Machines
31%
Oiseaux
31%
Plantes
31%
Elémentaire
23%
Matériaux
23%
Aquatique
19%
Insectes
15%
Aucun quiz correspondant
Distribution des résultats
% des personnes avec chaque résultat
Percentile par nombre de réponses
Votre historique - résultats
Vous n’avez pas pris ce quiz